Football Teams Adam Lallana Played For - Statistics

General Stats
  • This quiz has been taken 59 times
    35 since last reset
  • The average score is 5 of 6
Answer Stats
League Years Team % Correct
England 2014-2020 Liverpool FC
97%
England 2006-2007 Southampton FC
90%
England 2007-2014 Southampton FC
90%
England 2024- Southampton FC
90%
England 2020-2024 Brighton & Hove Albion
84%
England 2007 AFC Bournemouth
26%
No matching quizzes found
Score Distribution
Percent of People with Each Score
Percentile by Number Answered
Your Score History
You have not taken this quiz since the last reset